| LEADER |
00925nam0a2200193 450 |
| 001 |
16868169 |
| 010 |
|
|
|a 978-2-38051-027-0
|b rel.
|
| 100 |
|
|
|a 20260331d2026 u u0frey01 ba
|
| 101 |
0 |
|
|a fre
|
| 102 |
|
|
|a FR
|
| 200 |
0 |
|
|a Brindille
|f Rémi Courgeon
|
| 207 |
|
1 |
|a
|
| 210 |
|
|
|a [Levallois-Perret]
|c the Marketing store worldwide
|d DL 2022
|
| 215 |
|
|
|a 1 vol. (non paginé [31] p.)
|c ill. en coul.
|d 23 cm
|
| 330 |
|
|
|a Pavlina était son prénom, mais tout le monde lappelait Brindille. Il faut dire quà la maison il ny avait que des hommes. Des carrés. Des costauds. Alors, forcément, Brindille contrastait. A priori, dans cette famille de garçons, Brindille aurait dû être chouchoutée. Eh bien pas vraiment.
|
| 700 |
|
0 |
|a Courgeon
|b Rémi
|c Auteur du texte
|f 1959-....
|4 70
|
| 900 |
|
|
|a Roman (enfants)
|
| 901 |
|
|
|a Jeunesse
|
| 995 |
|
|
|a Médiathèque
|c Médiathèque
|f 089021806
|h 089021806
|k E COU
|o p
|q j
|r az
|e Médiathèque
|